000
00190 a2200097 4500
020
_a
9789580488361
041
_a
spa
100
_a
Coll, Ivar Da
245
_a
Nano, Va a la playa
942
_c
BK
999
_c
26918
_d
26918